000 00795nam a2200229 i 4500
001 bg
245 0 0 _aBionika :
_bprojekty koncepcyjne studentów IV roku Kierunku Automatyka i Robotyka ; Z problemów bioniki : prędkość i moc w aspekcie bioniki /
_cPolitechnika Krakowska im. Tadeusza Kościuszki. Wydział Mechaniczny.
260 _aKraków :
_bPK,
_c1999.
300 _a77 s. :
_brys. ;
_c24 cm.
490 1 _aPrace Studialne ;
_v2/1997,1998
504 _aBibliogr. przy pracach.
650 9 _aBionika
_xzagadnienia
710 0 _aPolitechnika Krakowska
_bWydział Mechaniczny
830 _aPrace Studialne ;
020 _a8372420521
040 _cBPK
041 0 _apl
_ben
080 _a577.3
920 _a83-7242-052-1
942 _cKS
008 s pl f |000 0 pol
999 _c38329
_d38329
856 _uhttp://koha.tu.koszalin.pl/cgi-bin/koha/opac-detail.pl?biblionumber=38329
_yKatalog online BPK